Το "περί μεγεθών καί αποστημάτων Ηλίου και Σελήνης" του Αριστάρχου του Σαμίου

Αποθηκεύτηκε σε:
Λεπτομέρειες βιβλιογραφικής εγγραφής
Κύριος συγγραφέας: Αρίσταρχος ο Σάμιος, π. 310-π. 230
Άλλοι συγγραφείς: Σπανδάγος, Βαγγέλης Κ., 1941-2020 (Επιμελητής έκδοσης)
Μορφή: Βιβλίο
Γλώσσα:Greek
Δημοσίευση: Αθήνα : Αίθρα, [2001].
Σειρά:Εργα αρχαίων Ελλήνων μαθηματικών ; 134
Θέματα:
Ετικέτες: Προσθήκη ετικέτας
Δεν υπάρχουν, Καταχωρήστε ετικέτα πρώτοι!

MARC

LEADER 00000cam a2200000 i 4500
001 1/24570
008 011129s2001 gr ||| | gre||
020 |a 9607007913 
035 |l 10067896 
040 |a GR-MyUA  |b gre  |e AACR2 
041 0 |a gre 
082 0 |a 523  
100 0 |a Αρίσταρχος ο Σάμιος,   |d π. 310-π. 230. 
245 1 3 |a Το "περί μεγεθών καί αποστημάτων Ηλίου και Σελήνης" του Αριστάρχου του Σαμίου /   |c εισαγωγή - αρχαίο κείμενο - μετάφραση - επεξηγήσεις - σχόλια - ιστορικά στοιχεία, Ευαγγέλου Σπανδάγου.  
260 |a Αθήνα :   |b Αίθρα,   |c [2001].  
300 |a 148 σ. :   |b εικ. ;   |c 21 εκ.  
490 1 |a (Έργα αρχαίων Ελλήνων μαθηματικών   |v ; 134) 
504 |a Περιέχει βιβλιογραφικές παραπομπές.  
600 0 0 |a Αρίσταρχος ο Σάμιος,   |d π. 310-π. 230. 
650 0 0 |a Astronomy, Greek. 
700 1 |a Σπανδάγος, Βαγγέλης Κ.,   |d 1941-2020,  |e edt 
830 0 |a Εργα αρχαίων Ελλήνων μαθηματικών ;  |v  134 
852 |a INST  |b SAMOS  |e 20011129  |h 523 ΑΡΙ  |p 005300020443  |q 005300020443  |t BK  |y 0 
901 |a BIBL3-2002-1 
909 |a Σ  |b 099216 
922 |a 3ΕΛΗ  |b 200111  |c ΒΙΒΛΙΟΘΗΚΗ  |d ΚΑΡΑΣΤΑΘΗΣ 
950 |a 127-2001-11-02 
970 |a ΚΟΣΙΕΡΗΣ  |b ΧΡΗΣΤΟΣ  |z 2002/01/31